Kvalita života nízkopríjmových domácností
Príjmové charakteristiky domácností podľa EU SILC. Vývoj mediánu ekvivalentného disponibilného príjmu v rokoch 2007-2011. Indikátory príjmovej chudoby na Slovensku. Miera rizika chudoby podľa ekonomického statusu (2005-2011). Miera rizika chudoby podľa typu domácnosti (2005-2011). Vybrané aspekty k...
Saved in:
| Main Author: | |
|---|---|
| Format: | Book Chapter |
| Language: | Slovak |
| Subjects: | |
| Tags: |
No Tags, Be the first to tag this record!
|
MARC
| LEADER | 00000nla a2200000 4500 | ||
|---|---|---|---|
| 001 | 0163220 | ||
| 005 | 20240502072831.8 | ||
| 041 | 0 | |a slo | |
| 044 | |a SK | ||
| 245 | 1 | 0 | |a Kvalita života nízkopríjmových domácností |c Silvia Šipikalová |
| 520 | |a Príjmové charakteristiky domácností podľa EU SILC. Vývoj mediánu ekvivalentného disponibilného príjmu v rokoch 2007-2011. Indikátory príjmovej chudoby na Slovensku. Miera rizika chudoby podľa ekonomického statusu (2005-2011). Miera rizika chudoby podľa typu domácnosti (2005-2011). Vybrané aspekty kvality života domácností SR. | ||
| 610 | 2 | 0 | |a kvalita života |
| 610 | 2 | 0 | |a domácnosti |
| 610 | 2 | 0 | |a príjmy |
| 610 | 2 | 0 | |a nezamestnaní |
| 610 | 2 | 0 | |a dôchodcovia |
| 610 | 2 | 0 | |a chudoba |
| 610 | 2 | 0 | |a kraje |
| 610 | 2 | 0 | |a Slovensko |
| 100 | 1 | |a Šipikalová, Silvia, 1979- | |